000 00453nam a22001697a 4500
003 BD-ChCU
005 20260407123653.0
008 260407b bg ||||| |||| 00| 0 ben d
040 _cBD-ChCU
082 _aREF512.81 THN
100 _aThompson, Maynard.
_921299
245 _aNumber theory.//
_cThompson, Maynard.
260 _aCalifornia.
_bAddison-Wesley.
_c1976
300 _ax, 125p
650 0 _aNumbers, Theory of.
_921301
942 _2ddc
_cBK
_n0
999 _c112112
_d112112